Normal view
MARC view
Entry Personal Name
001 - CONTROL NUMBER
- control field: 81091
003 - CONTROL NUMBER IDENTIFIER
- control field: dpl
005 - DATE AND TIME OF LATEST TRANSACTION
- control field: 20250508112431.0
008 - FIXED-LENGTH DATA ELEMENTS
- fixed length control field: 250508|| aca||aabn | a|a d
040 ## - CATALOGING SOURCE
- Original cataloging agency: dpl
- Transcribing agency: dpl
100 ## - HEADING--PERSONAL NAME
- Personal name: Joshi,Dinesh
670 ## - SOURCE DATA FOUND
- Source citation: Work cat.: (dpl)181938: Joshi,Dinesh, Immunizations saving lives/, 2018
